| 000 | 00508nmm a2200169Ia 4500 | ||
|---|---|---|---|
| 008 | 251105s9999||||xx |||||||||||||||||und|| | ||
| 020 | _a9788481697124 | ||
| 041 | _aspa | ||
| 100 | _aElizari Basterra, Francisco Javier | ||
| 245 | 0 | _a10 Palabras clave ante el final de la vida | |
| 264 |
_a[Madrid, España] : _bEditorial Verbo Divino, _c2007 |
||
| 300 | _a462 páginas | ||
| 490 | _a10 palabras clave | ||
| 650 | _aReligion(s) | ||
| 856 | _uhttps://public.digitaliapublishing.com/a/1156 | ||
| 942 | _cCF | ||
| 999 |
_c85964 _d85964 |
||